[Event "Oberliga Bayern 1718"]
[Site "Bayern"]
[Date "2017.11.12"]
[Round "2.7"]
[White "Monninger, Moritz Franz"]
[Black "Gruber, Roland"]
[Result "1/2-1/2"]
[WhiteElo "2112"]
[BlackElo "2138"]
[PlyCount "75"]
[EventDate "2017.10.22"]
[EventType "team-tourn"]
[EventRounds "9"]
[EventCountry "GER"]
[SourceTitle "EXT 2020"]
[Source "ChessBase"]
[SourceDate "2019.10.17"]
[SourceVersion "1"]
[SourceVersionDate "2019.10.17"]
[SourceQuality "1"]
[WhiteTeam "Herzogenaurach"]
[BlackTeam "Regensburg Post/Sued"]
[WhiteTeamCountry "GER"]
[BlackTeamCountry "GER"]

1. e4 d5 2. exd5 Qxd5 3. Nc3 Qd6 4. d4 Nf6 5. Nf3 Bg4 6. Bd3 Nc6 7. Ne4 Nxe4 8. Bxe4 Qe6 9. Qe2 Bxf3 10. Bxf3 Qxe2+ 11. Bxe2 Nxd4 12. Bd3 e6 13. c3 Nc6 14. Bb5 Bd6 15. Bxc6+ bxc6 16. Be3 Rb8 17. b4 a5 18. a3 0-0 19. Ke2 Be5 20. Rac1 Rfd8 21. bxa5 Ra8 22. Rhd1 Bd6 23. c4 c5 24. Bd2 Kf8 25. Rb1 Rdb8 26. Rb5 c6 27. Rb6 Bc7 28. Rxc6 Bxa5 29. Rxc5 Rb2 30. Rb5 Rxd2+ 31. Rxd2 Bxd2 32. Kxd2 Rxa3 33. Rb7 Ra2+ 34. Ke3 Rc2 35. Rc7 Ke8 36. g4 g5 37. Rc5 Ke7 38. Rxg5 1/2-1/2

[Event "Oberliga Bayern 1516"]
[Site "Bayern"]
[Date "2015.12.13"]
[Round "4.6"]
[White "Wachinger, Guenther"]
[Black "Gruber, Roland"]
[Result "1/2-1/2"]
[WhiteElo "2196"]
[BlackElo "2174"]
[PlyCount "52"]
[EventDate "2015.10.11"]
[EventType "team-tourn"]
[EventRounds "9"]
[EventCountry "GER"]
[SourceTitle "EXT 2018"]
[Source "ChessBase"]
[SourceDate "2017.10.13"]
[SourceVersion "1"]
[SourceVersionDate "2017.10.13"]
[SourceQuality "1"]
[WhiteTeam "Pang/Rosenheim"]
[BlackTeam "Regensburg Post/Sued"]
[WhiteTeamCountry "GER"]
[BlackTeamCountry "GER"]

1. d4 Nf6 2. c4 c6 3. Nc3 d5 4. e3 e6 5. Nf3 Nbd7 6. Bd3 Bd6 7. 0-0 0-0 8. e4 dxc4 9. Bxc4 e5 10. Bg5 Qc7 11. Rc1 exd4 12. Qxd4 Ng4 13. h3 Nh2 14. Nxh2 Bxh2+ 15. Kh1 Bf4 16. Bxf4 Qxf4 17. Rcd1 Re8 18. Qd6 Ne5 19. Bb3 Qh4 20. f4 Ng4 21. Qd2 Be6 22. Bxe6 fxe6 23. Qe2 Nf6 24. Qc4 Ng4 25. Qe2 Nf6 26. Qc4 Ng4 1/2-1/2

[Event "Oberliga Bayern 1314"]
[Site "Bayern"]
[Date "2013.12.15"]
[Round "4.6"]
[White "Gruber, Roland"]
[Black "Taggatz, Mario"]
[Result "1/2-1/2"]
[WhiteElo "1986"]
[BlackElo "2284"]
[PlyCount "33"]
[EventDate "2013.10.13"]
[EventType "team-tourn"]
[EventRounds "9"]
[EventCountry "GER"]
[SourceTitle "EXT 2015"]
[Source "ChessBase"]
[SourceDate "2014.11.20"]
[SourceVersion "1"]
[SourceVersionDate "2014.11.20"]
[SourceQuality "1"]
[WhiteTeam "Passau"]
[BlackTeam "Groebenzell"]
[WhiteTeamCountry "GER"]
[BlackTeamCountry "GER"]

1. d4 d5 2. Nf3 Nf6 3. e3 c5 4. dxc5 e6 5. c4 Bxc5 6. a3 0-0 7. b4 Be7 8. Bb2 dxc4 9. Qxd8 Rxd8 10. Bxc4 a5 11. b5 Nbd7 12. Nbd2 Nc5 13. Bd4 Bd7 14. 0-0 Nfe4 15. Nxe4 Nxe4 16. a4 Bc5 17. Rfd1 1/2-1/2

[Event "Niederbayernliga 1213"]
[Site "Bayern"]
[Date "2013.??.??"]
[Round "5"]
[White "Zepke, Armin"]
[Black "Gruber, Roland"]
[Result "0-1"]
[WhiteElo "1975"]
[BlackElo "2062"]
[PlyCount "50"]
[EventDate "2012.10.14"]
[EventType "team-tourn"]
[EventRounds "9"]
[EventCountry "GER"]
[SourceTitle "EXT 2023"]
[Source "ChessBase"]
[SourceDate "2022.10.05"]
[SourceVersion "1"]
[SourceVersionDate "2022.10.05"]
[SourceQuality "1"]
[WhiteTeam "Regen/Viechtach"]
[BlackTeam "Schaibing"]
[WhiteTeamCountry "GER"]
[BlackTeamCountry "GER"]

1. d4 d6 2. Bf4 g6 3. Nf3 Bg7 4. e4 c5 5. e5 cxd4 6. Bb5+ Bd7 7. Bc4 dxe5 8. Bg3 Nc6 9. 0-0 Nh6 10. c3 Nf5 11. Qe2 Nxg3 12. fxg3 0-0 13. Nbd2 e6 14. g4 h6 15. h4 f5 16. gxf5 gxf5 17. cxd4 e4 18. Nxe4 Nxd4 19. Nxd4 Bxd4+ 20. Nf2 Qf6 21. Rad1 Kh8 22. Qh5 Be8 23. Qf3 Bc6 24. Qh5 Rg8 25. Kh2 Qe5+ 0-1